Círcuitos de carreras (Facil) - Estadísticas

Estadísticas generales
  • Esta prueba ha sido intentada 12 veces
  • La puntuación promedio es 8 de 12
Estadísticas de respuestas
Imagen Respuesta % Correcto
Monaco
100%
Imola
90%
Suzuka
90%
Red bull ring
80%
Hungria
70%
Fuji
60%
Melbourne
60%
Paul ricard
60%
Laguna seca
50%
Sepang
40%
Zandvort
40%
Autódromo hermanos Rodríguez
20%
No se encontraron pruebas coincidentes
Distribución de puntuación
Porcentaje de gente con cada puntuación
Porcentaje por número respondido
Historial de tus puntuaciones
No has intentado esta prueba.